[Event "Vall del Tenes op 4th"]
[Site "Santa Eulalia de Roncana"]
[Date "2015.05.15"]
[Round "5"]
[White "Senties Capdevila, Armand"]
[Black "Tunica Riu, Cecili"]
[Result "1-0"]
[WhiteElo "1712"]
[BlackElo "1701"]
[PlyCount "73"]
[EventDate "2015.04.10"]
[EventType "swiss"]
[EventRounds "8"]
[EventCountry "ESP"]
[SourceTitle "CBM 166 Extra"]
[Source "ChessBase"]
[SourceDate "2015.06.18"]
[SourceVersion "1"]
[SourceVersionDate "2015.06.18"]
[SourceQuality "1"]

1. e3 e5 2. a3 d5 3. b4 a6 4. Qh5 Nc6 5. Bb2 Bd6 6. Nf3 Nf6 7. Qg5 0-0 8. Nxe5 h6 9. Qg3 Nh5 10. Qf3 Nf6 11. Nxc6 bxc6 12. c4 Bg4 13. Bxf6 Bxf3 14. Bxd8 Raxd8 15. gxf3 dxc4 16. Bxc4 Ra8 17. f4 Rfe8 18. Ke2 Re4 19. Rc1 Kf8 20. Bd3 Re7 21. Rxc6 Bxf4 22. Nc3 Bxh2 23. Rh1 Be5 24. Rh5 f6 25. f4 Bd6 26. Rf5 Ree8 27. Nd5 Ra7 28. e4 Kg8 29. Kf3 Rf8 30. Kg4 Kf7 31. Bc4 Kg6 32. e5 h5+ 33. Kh4 Kh6 34. Rxh5+ Kg6 35. exd6 cxd6 36. Bd3+ Kf7 37. Rxd6 1-0